Lord of the Rings - Word Puzzle #2 - Statistics

General Stats
  • This quiz has been taken 442 times
    441 since last reset
  • The average score is 13 of 20
Answer Stats
Hint Answer % Correct
To power a boat by moving an oar + Mr. Solo from Star Wars Rohan
94%
A greater number than + Wooden part of a wall that can be opened to walk through Mordor
87%
Sheeran's first name + Plural of young spanish-teaching explorer girl Edoras
85%
An activity a person does regularly and one enjoys doing + 1000 kg Hobbiton
84%
Disappeared + Structure used to close of an entrance, often contains a lock. Gondor
78%
State of the atmosphere (sunny, clouded, rain, snow) + The uppermost point of something Weathertop
77%
Poison injecting tooth of a venomous snake + Bony protrusion on the head of cattle and rhino's Fangorn
74%
Steering mechanism of a ship + The Mariana Trench certainly is this Helms Deep
74%
Clouded with sediment + Trees are made of this Mirkwood
74%
Objective form of 'we' + Fish use these to breathe + Me, myself and . + Chemical symbol of Astatine Osgiliath
69%
Water flow, often from mountains to the sea + Old English word meaning Valley Rivendell
68%
Small humanlike girl toy + Precious metal + Structure in a wall that can be opened with a handle Dol Guldur
66%
Old word meaning before + To drill a hole Erebor
66%
Automobile + join two numbers + 2 or more contestants trying to be the quickest to the finish Caradhras
61%
Short word between 2 possibilities + Not even + Old building of which not much is left Orodruin
54%
Word referring to yourself + A disobedience to religious laws + To protect by watching over Isengard
50%
Word meaning plus or also + Word to refer to the addressed person + Abbreviation of Indiana Anduin
49%
To abhor + Accumulated facts and beliefs about a subject + Japanese currency Lothlorien
42%
Drawing back from contact + What is added to the comparative version of an adjective the Shire
35%
Two letters repeated a few times to indicate laughter on the internet + Slang word meaning cool Harad
27%
No matching quizzes found
Score Distribution
Percent of People with Each Score
Percentile by Number Answered
Your Score History
You have not taken this quiz since the last reset